Sociální spravedlnost významná dimenze trvale udržitelného rozvoje

Polemika o význame pojmu sociálna spravodlivosť. Chápanie hodnôt ako je sloboda, spravodlivosť, rovnosť právna. Hľadanie ciest k napĺňaniu zásad sociálnej spravodlivosti - najnovšie vedecké teórie: 1. Teória trvalo udržateľného rozvoja. 2. Teória verejnej voľby. 3. Teória sociálno-trhovej ekonomiky.

Gespeichert in:
Bibliographische Detailangaben
1. Verfasser: Zahálka, J.
Format: Buchkapitel
Sprache:Tschechisch
Schlagworte:
Tags: Tag hinzufügen
Keine Tags, Fügen Sie das erste Tag hinzu!

MARC

LEADER 00000naa a2200000 4500
001 r021726
005 20230418123501.5
041 0 |a cze 
044 |a CZ 
245 1 0 |a Sociální spravedlnost významná dimenze trvale udržitelného rozvoje  |c J. Zahálka 
520 |a Polemika o význame pojmu sociálna spravodlivosť. Chápanie hodnôt ako je sloboda, spravodlivosť, rovnosť právna. Hľadanie ciest k napĺňaniu zásad sociálnej spravodlivosti - najnovšie vedecké teórie: 1. Teória trvalo udržateľného rozvoja. 2. Teória verejnej voľby. 3. Teória sociálno-trhovej ekonomiky. 
610 2 0 |a spravodlivosť sociálna 
610 2 0 |a rozvoj trvalo udržateľný 
610 2 0 |a teórie ekonomické 
610 2 0 |a teória voľby verejnej 
610 2 0 |a pojmy 
610 2 0 |a sloboda 
610 2 0 |a hospodárstvo trhové 
100 1 |a Zahálka, J.